[Event "Nez rouge B"]
[Site "Gatineau CAN"]
[Date "2006.12.05"]
[Round "3"]
[White "Charette, Jean Sebastien"]
[Black "Jiang, Qizhe"]
[Result "1-0"]
[WhiteElo "1347"]
[BlackElo "939"]
[PlyCount "91"]
[EventDate "2006.11.21"]
[EventType "swiss"]
[EventRounds "5"]
[EventCountry "CAN"]

1. e4 e5 2. Nf3 Nc6 3. Bb5 Nge7 4. Nc3 a6 5. Ba4 d6 6. d3 Bd7 7. Bg5 g6 8. Bf6
Rg8 9. Bb3 Bg7 10. Bh4 Bh6 11. Bg5 Bxg5 12. Nxg5 d5 13. Qf3 Rg7 14. exd5 Na5
15. d6 cxd6 16. Bxf7+ Kf8 17. Bxg6+ Kg8 18. Bf7+ Kh8 19. Nce4 Bf5 20. Qh5 Bg6
21. Bxg6 Rxg6 22. Nf7+ Kg8 23. Nxd8 Rxd8 24. Ng5 h6 25. b4 Nac6 26. Ne4 Nd4 27.
Kd2 Rc8 28. c4 Rc6 29. Rab1 b5 30. c5 dxc5 31. Nxc5 Nef5 32. Rhe1 Rxg2 33. Qe8+
Kh7 34. Qf7+ Rg7 35. Qh5 Rg5 36. Qh3 Rgg6 37. Rxe5 Rcf6 38. Nd7 Rf7 39. Nc5
Rff6 40. Rc1 Rf7 41. Ne4 Rff6 42. Nxf6+ Rxf6 43. Rc7+ Kg8 44. Re8+ Rf8 45. Qg4+
Ng7 46. Qxg7# 1-0

[Event "Nez rouge B"]
[Site "Gatineau CAN"]
[Date "2006.12.05"]
[Round "3"]
[White "Chirokova, Elena"]
[Black "Berthiaume, Patrick"]
[Result "1-0"]
[WhiteElo "1324"]
[BlackElo "984"]
[PlyCount "35"]
[EventDate "2006.11.21"]
[EventType "swiss"]
[EventRounds "5"]
[EventCountry "CAN"]

1. e4 e5 2. Nf3 Nc6 3. Nc3 d6 4. Bb5 Bd7 5. O-O Nf6 6. d3 Be7 7. Be3 Bg4 8. Nd5
Nd7 9. h3 Bxf3 10. Qxf3 O-O 11. c3 a6 12. Ba4 Bf6 13. Qg4 Ne7 14. Nxe7+ Bxe7
15. Bxd7 c6 16. d4 exd4 17. Bxd4 c5 18. Qxg7# 1-0

[Event "Nez rouge B"]
[Site "Gatineau CAN"]
[Date "2006.12.05"]
[Round "3"]
[White "Dupont, Claude"]
[Black "Levesque, Andre"]
[Result "0-1"]
[WhiteElo "1402"]
[BlackElo "1498"]
[PlyCount "80"]
[EventDate "2006.11.21"]
[EventType "swiss"]
[EventRounds "5"]
[EventCountry "CAN"]

1. e4 c5 2. Nf3 g6 3. Bc4 Bg7 4. c3 Nc6 5. O-O Nf6 6. Re1 O-O 7. d4 cxd4 8.
cxd4 d6 9. a3 Bg4 10. d5 Bxf3 11. Qxf3 Ne5 12. Qe2 Rc8 13. b3 Nxc4 14. bxc4
Nxe4 15. Bb2 Bxb2 16. Qxb2 Nc5 17. a4 Nd3 18. Qe2 Nxe1 19. Qxe1 Rxc4 20. Nc3
Qc8 21. Ne2 Qc7 22. g3 Rc8 23. Kg2 Re8 24. h4 Qc8 25. a5 e6 26. dxe6 Rxe6 27.
Qd1 Rce4 28. Nf4 Re1 29. Qxe1 Rxe1 30. Rxe1 Qc3 31. Rb1 Kg7 32. Kg1 Qc6 33. Rd1
b6 34. axb6 axb6 35. Nd5 b5 36. Nb4 Qc4 37. Nd5 b4 38. Ne3 Qc5 39. Nd5 b3 40.
Ne3 b2 0-1

[Event "Nez rouge B"]
[Site "Gatineau CAN"]
[Date "2006.12.05"]
[Round "3"]
[White "Guimond, Michel"]
[Black "Toulouse, Raphael"]
[Result "1-0"]
[WhiteElo "1811"]
[BlackElo "1104"]
[PlyCount "39"]
[EventDate "2006.11.21"]
[EventType "swiss"]
[EventRounds "5"]
[EventCountry "CAN"]

1. e4 c5 2. Nf3 d6 3. d4 cxd4 4. Nxd4 e5 5. Nf3 Nf6 6. Bc4 Bg4 7. Qd3 Nbd7 8.
Ng5 Nc5 9. Bxf7+ Ke7 10. Qc4 h6 11. Bg6 Be6 12. Nxe6 Nxe6 13. O-O d5 14. Qb4+
Kd7 15. Qxb7+ Nc7 16. exd5 Nfxd5 17. Rd1 Ke6 18. c4 Nf4 19. Rxd8 Rxd8 20. Nc3
1-0

[Event "Nez rouge B"]
[Site "Gatineau CAN"]
[Date "2006.12.05"]
[Round "3"]
[White "Lacourse, Guy"]
[Black "Blouin, Francois"]
[Result "1/2-1/2"]
[WhiteElo "1652"]
[BlackElo "1531"]
[PlyCount "81"]
[EventDate "2006.11.21"]
[EventType "swiss"]
[EventRounds "5"]
[EventCountry "CAN"]

1. Nf3 Nf6 2. c4 e6 3. d4 b6 4. g3 Bb7 5. Bg2 Ne4 6. O-O f5 7. Nc3 Nxc3 8. bxc3
Be7 9. Ne5 Bxg2 10. Kxg2 O-O 11. d5 Bf6 12. dxe6 dxe6 13. Nd3 Bxc3 14. Rb1 c5
15. Qc2 Bf6 16. Nf4 Qc7 17. f3 Re8 18. e3 Nc6 19. a3 Rad8 20. Bb2 Bxb2 21. Rxb2
g5 22. Nd3 Ne5 23. Rd1 Nxd3 24. Rxd3 Rxd3 25. Qxd3 Rd8 26. Qe2 Qd7 27. Kf2 Qd3
28. Ra2 Qxe2+ 29. Kxe2 Kf7 30. Rc2 e5 31. a4 Ke7 32. h3 Kd7 33. a5 Kc6 34. axb6
Kxb6 35. Rb2+ Kc6 36. Ra2 Rd7 37. Ra6+ Kb7 38. Ra5 Kb6 39. Rb5+ Kc6 40. Ra5 Kb6
41. Rb5+ 1/2-1/2

[Event "Nez rouge B"]
[Site "Gatineau CAN"]
[Date "2006.12.05"]
[Round "3"]
[White "Pilon, Robert"]
[Black "Kennedy, Phillip"]
[Result "1-0"]
[WhiteElo "1536"]
[BlackElo "1296"]
[PlyCount "105"]
[EventDate "2006.11.21"]
[EventType "swiss"]
[EventRounds "5"]
[EventCountry "CAN"]

1. d4 Nf6 2. c4 d5 3. Nc3 dxc4 4. e4 e6 5. Bxc4 Bb4 6. Bg5 Qd7 7. Bxf6 gxf6 8.
Nf3 Rg8 9. g3 Bxc3+ 10. bxc3 Qc6 11. Qd3 a6 12. O-O b5 13. Bb3 Bb7 14. d5 Qd6
15. Rfd1 e5 16. c4 Nd7 17. cxb5 Nc5 18. Qc4 Ke7 19. Nh4 Bc8 20. Rac1 Nxb3 21.
axb3 axb5 22. Qxb5 Bd7 23. Qc4 Ra7 24. b4 Rb8 25. Qc5 Rab7 26. Rd2 Kd8 27. Rdc2
Qxc5 28. bxc5 Rb4 29. c6 Bc8 30. Re1 Ba6 31. Rc3 Rb2 32. Rf3 Rb1 33. Rfe3 R8b2
34. Nf5 Rxe1+ 35. Rxe1 Bc8 36. g4 Ba6 37. Ra1 Bc8 38. Ra8 Rb6 39. Nh6 Ke7 40.
Rxc8 Kd6 41. Nf5+ Kc5 42. Rxc7 Rb8 43. Rxf7 Rg8 44. f3 h5 45. h3 hxg4 46. hxg4
Rc8 47. c7 Kb6 48. d6 Kc6 49. Rxf6 Ra8 50. Ne7+ Kd7 51. c8=Q+ Rxc8 52. Nxc8
Kxc8 53. Rf7 1-0

[Event "Nez rouge B"]
[Site "Gatineau CAN"]
[Date "2006.12.05"]
[Round "3"]
[White "Rainey, Ivan"]
[Black "Maisonneuve, Paul"]
[Result "1-0"]
[WhiteElo "1097"]
[BlackElo "1561"]
[PlyCount "59"]
[EventDate "2006.11.21"]
[EventType "swiss"]
[EventRounds "5"]
[EventCountry "CAN"]

1. e4 c5 2. d4 cxd4 3. c3 d6 4. cxd4 e6 5. Nf3 g6 6. Nc3 a6 7. Bd3 Bg7 8. O-O
Nc6 9. Be3 Nf6 10. Bg5 Qb6 11. d5 Nb4 12. Bc4 Qc7 13. Qa4+ b5 14. Bxb5+ Bd7 15.
Bxd7+ Nxd7 16. Qxb4 Rb8 17. Qa3 Qb6 18. Rab1 O-O 19. Be7 Rfc8 20. Bxd6 Rb7 21.
Na4 Qb5 22. Rfc1 Rxc1+ 23. Rxc1 Bxb2 24. Nxb2 Qxb2 25. Rc8+ Kg7 26. Qxb2+ Rxb2
27. g3 Rxa2 28. dxe6 Nb6 29. Rc6 Rb2 30. e7 1-0

[Event "Nez rouge B"]
[Site "Gatineau CAN"]
[Date "2006.12.12"]
[Round "4"]
[White "Charette, Jean Sebastien"]
[Black "Lacourse, Guy"]
[Result "0-1"]
[WhiteElo "1347"]
[BlackElo "1652"]
[PlyCount "66"]
[EventDate "2006.11.21"]
[EventType "swiss"]
[EventRounds "5"]
[EventCountry "CAN"]

1. e4 c5 2. c3 d5 3. exd5 Qxd5 4. Qf3 Qe5+ 5. Qe3 Nc6 6. Bb5 Bd7 7. Bxc6 Qxe3+
8. fxe3 Bxc6 9. Nf3 Nf6 10. d4 e6 11. Nbd2 Bd6 12. Nc4 Be7 13. Nce5 Be4 14. Ng5
h6 15. Nxe4 Nxe4 16. O-O O-O 17. b3 Nxc3 18. Ba3 b6 19. dxc5 Nb5 20. Bb2 Bxc5
21. Nd7 Bxe3+ 22. Kh1 Rfd8 23. Ne5 f6 24. Nc6 Rd6 25. Nb4 a5 26. Nc2 Bd4 27.
Nxd4 Nxd4 28. Ba3 Rc6 29. Rad1 e5 30. h3 Rc2 31. Rc1 Rxa2 32. Be7 Ne2 33. Rc7
Ng3+ 0-1

[Event "Nez rouge B"]
[Site "Gatineau CAN"]
[Date "2006.12.12"]
[Round "4"]
[White "Dupont, Claude"]
[Black "Berthiaume, Serge"]
[Result "1-0"]
[WhiteElo "1402"]
[BlackElo "1168"]
[PlyCount "91"]
[EventDate "2006.11.21"]
[EventType "swiss"]
[EventRounds "5"]
[EventCountry "CAN"]

1. e4 e5 2. Nf3 d6 3. Bc4 c6 4. a4 d5 5. exd5 cxd5 6. Bb5+ Bd7 7. Bxd7+ Nxd7 8.
d3 Qa5+ 9. Bd2 Qb6 10. b3 Bc5 11. O-O Ngf6 12. h3 O-O 13. a5 Qc7 14. b4 Bd6 15.
c3 e4 16. dxe4 Nxe4 17. Be1 Ndf6 18. Qd4 Rfe8 19. Na3 Be5 20. Nxe5 Rxe5 21. f3
Rh5 22. fxe4 dxe4 23. Rxf6 gxf6 24. Qxe4 Re5 25. Qf3 f5 26. Bg3 Qe7 27. Bxe5
Qxe5 28. Rf1 Rc8 29. Nb1 Rd8 30. Qxb7 Qe3+ 31. Kh1 f4 32. Qf3 Rd3 33. Kh2 Kg7
34. Qxf4 Qxf4+ 35. Rxf4 Rd1 36. Na3 Ra1 37. Nb5 a6 38. Nc7 Ra3 39. Rf3 f6 40.
Nxa6 Kg6 41. g4 Ra2+ 42. Kg3 h6 43. Nc5 Re2 44. a6 Re1 45. b5 Re5 46. a7 1-0

[Event "Nez rouge B"]
[Site "Gatineau CAN"]
[Date "2006.12.12"]
[Round "4"]
[White "Kennedy, Phillip"]
[Black "Chirokova, Elena"]
[Result "0-1"]
[WhiteElo "1295"]
[BlackElo "1324"]
[PlyCount "128"]
[EventDate "2006.11.21"]
[EventType "swiss"]
[EventRounds "5"]
[EventCountry "CAN"]

1. Nf3 Nc6 2. g3 e5 3. e4 Nf6 4. Nc3 d6 5. Bg2 Bg4 6. O-O h6 7. b3 Nd4 8. Bb2
c6 9. h3 Bh5 10. Re1 Be7 11. Re3 b5 12. Ne2 Nxf3+ 13. Bxf3 Bxf3 14. Rxf3 Nxe4
15. h4 O-O 16. d3 Nf6 17. Re3 Ng4 18. Re4 h5 19. Nc3 Qb6 20. Qf3 f5 21. Re2 f4
22. Kg2 fxg3 23. Qxg3 Qd4 24. Rf1 Qf4 25. Ne4 d5 26. Bc1 Qxg3+ 27. Nxg3 Bxh4
28. Nxh5 g6 29. Ng3 Nf6 30. Rxe5 g5 31. Bxg5 Bxg5 32. Rxg5+ Kf7 33. Re1 Rg8 34.
Rxg8 Rxg8 35. f3 Nh5 36. Kh2 Nxg3 37. Rg1 Ne2 38. Rxg8 Kxg8 39. Kg2 Kf7 40. Kf2
Nd4 41. c3 Nf5 42. f4 a5 43. a3 Kf6 44. d4 Nh4 45. Kg3 Ng6 46. Kg4 Ne7 47. a4
bxa4 48. bxa4 Nc8 49. Kf3 Nb6 50. Ke3 Nxa4 51. Kd3 Nb2+ 52. Kc2 Nc4 53. Kb3 Kf5
54. Ka4 Kxf4 55. Kb3 Ke3 56. Ka4 Kd3 57. Kb3 Nb6 58. Kb2 a4 59. Ka2 Kxc3 60.
Ka3 Kxd4 61. Ka2 Nc4 62. Kb1 a3 63. Ka1 Kc3 64. Kb1 d4 0-1

[Event "Nez rouge B"]
[Site "Gatineau CAN"]
[Date "2006.12.12"]
[Round "4"]
[White "Levesque, Andre"]
[Black "Charland, Roger"]
[Result "0-1"]
[WhiteElo "1498"]
[BlackElo "1581"]
[PlyCount "78"]
[EventDate "2006.11.21"]
[EventType "swiss"]
[EventRounds "5"]
[EventCountry "CAN"]

1. e4 Nf6 2. e5 Nd5 3. Nf3 Nc6 4. d4 d6 5. c4 Nb6 6. Nc3 Bg4 7. Be3 dxe5 8. h3
Bxf3 9. gxf3 exd4 10. c5 Nc8 11. Qa4 dxe3 12. Rd1 exf2+ 13. Kxf2 Nd6 14. cxd6
cxd6 15. Bb5 Qb6+ 16. Kg2 e6 17. Rhe1 Be7 18. Ne2 O-O 19. Nc3 a6 20. Bxc6 bxc6
21. b3 d5 22. a3 Bf6 23. Ne2 Qb5 24. Qxb5 axb5 25. Nd4 Bxd4 26. Rxd4 Rxa3 27.
Rc1 Rc8 28. Rb4 Ra5 29. Rg4 c5 30. b4 Ra2+ 31. Kh1 c4 32. f4 d4 33. h4 d3 34.
h5 d2 35. Rcg1 g6 36. hxg6 hxg6 37. f5 exf5 38. Rd4 Kg7 39. Rd1 c3 0-1

[Event "Nez rouge B"]
[Site "Gatineau CAN"]
[Date "2006.12.12"]
[Round "4"]
[White "Maisonneuve, Paul"]
[Black "Arsenault, Yves"]
[Result "0-1"]
[WhiteElo "1561"]
[BlackElo "1440"]
[PlyCount "100"]
[EventDate "2006.11.21"]
[EventType "swiss"]
[EventRounds "5"]
[EventCountry "CAN"]

1. d4 Nf6 2. Bf4 c6 3. c3 d5 4. e3 Nbd7 5. Nd2 g6 6. Ngf3 Bg7 7. h3 O-O 8. Be2
Re8 9. O-O Nh5 10. Bh2 f5 11. c4 e6 12. cxd5 cxd5 13. Rc1 Qf6 14. Ne5 Nxe5 15.
Bxe5 Qf7 16. Rc7 Re7 17. Rxe7 Qxe7 18. Bxh5 Bxe5 19. dxe5 gxh5 20. Qxh5 Bd7 21.
f4 Be8 22. Qh6 Bg6 23. h4 Qf7 24. Rf3 Kh8 25. Rh3 Bh5 26. Rg3 Bg4 27. Nf1 Rg8
28. Qf6+ Qxf6 29. exf6 Rf8 30. Nh2 h5 31. Nf3 Rxf6 32. Kf2 b5 33. Ne5 a5 34. e4
dxe4 35. Rc3 Kg7 36. Rc7+ Kh6 37. Rc5 Rf8 38. Rc6 Re8 39. Nf7+ Kg7 40. Nd6 Rd8
41. Nxb5 Rd2+ 42. Kg3 e3 43. Rxe6 e2 44. Nc3 Rxb2 45. Kf2 Rc2 46. Nxe2 Rxa2 47.
Ke1 a4 48. Ra6 Rxe2+ 49. Kf1 Re4 50. g3 Be2+ 0-1

[Event "Nez rouge B"]
[Site "Gatineau CAN"]
[Date "2006.12.12"]
[Round "4"]
[White "Scantland, Patrick"]
[Black "Rainey, Ivan"]
[Result "1-0"]
[WhiteElo "1682"]
[BlackElo "1097"]
[PlyCount "50"]
[EventDate "2006.11.21"]
[EventType "swiss"]
[EventRounds "5"]
[EventCountry "CAN"]

1. d4 d5 2. c4 c6 3. Nc3 Nf6 4. Nf3 Bf5 5. Qb3 Qb6 6. Qxb6 axb6 7. cxd5 Nxd5 8.
Nxd5 cxd5 9. e3 Nc6 10. Bb5 g6 11. Ne5 Rc8 12. O-O Bg7 13. f4 O-O 14. g4 Bxe5
15. gxf5 Bd6 16. fxg6 fxg6 17. Bd2 Nd8 18. Rac1 Rc7 19. Rxc7 Bxc7 20. Rc1 Bd6
21. Bd7 e6 22. Be1 Rf7 23. Bc8 h6 24. h4 g5 25. fxg5 h5 1-0

[Event "Nez rouge B"]
[Site "Gatineau CAN"]
[Date "2006.12.12"]
[Round "4"]
[White "Toulouse, Raphael"]
[Black "Berthiaume, Patrick"]
[Result "1-0"]
[WhiteElo "1104"]
[BlackElo "984"]
[PlyCount "89"]
[EventDate "2006.11.21"]
[EventType "swiss"]
[EventRounds "5"]
[EventCountry "CAN"]

1. d4 d5 2. c4 Nf6 3. Nf3 Bf5 4. e3 Nc6 5. Nbd2 e6 6. cxd5 exd5 7. Bb5 Qd7 8.
Ne5 Qe6 9. Nb3 Be7 10. O-O O-O 11. Qf3 Nxe5 12. dxe5 Qxe5 13. Nd4 g6 14. Nxf5
Qxf5 15. Qxf5 gxf5 16. Bd3 Ne4 17. f3 Nd6 18. b3 c6 19. Bb2 b6 20. e4 dxe4 21.
fxe4 fxe4 22. Rf4 Bg5 23. Rg4 h6 24. h4 exd3 25. hxg5 Kh7 26. gxh6 Rfc8 27. Rd4
Nb5 28. Rxd3 Kxh6 29. a4 Nc7 30. Rd7 Ne6 31. Rxf7 Rf8 32. Re7 Rfe8 33. Rf7 Rf8
34. Raf1 Rxf7 35. Rxf7 Rg8 36. Bc1+ Kg6 37. Rxa7 Nd4 38. Be3 Nxb3 39. Bxb6 Nd2
40. a5 Kg5 41. Be3+ Kg4 42. Bxd2 Rf8 43. a6 Kg3 44. Be1+ Kg4 45. Rg7+ 1-0

[Event "Nez rouge B"]
[Site "Gatineau CAN"]
[Date "2006.12.19"]
[Round "5"]
[White "Arsenault, Yves"]
[Black "Rainey, Ivan"]
[Result "1-0"]
[WhiteElo "1440"]
[BlackElo "1097"]
[PlyCount "45"]
[EventDate "2006.11.21"]
[EventType "swiss"]
[EventRounds "5"]
[EventCountry "CAN"]

1. e4 e5 2. Nf3 Nc6 3. Bb5 d6 4. d4 exd4 5. Nxd4 Bd7 6. Nc3 Nxd4 7. Qxd4 Bxb5
8. Nxb5 a6 9. Nc3 Nf6 10. O-O Be7 11. Re1 O-O 12. Re3 c6 13. Rg3 h6 14. Bxh6
Kh7 15. Be3 c5 16. Qd3 b5 17. e5+ g6 18. exf6 Bxf6 19. Ne4 Bxb2 20. Ng5+ Kg7
21. Ne6+ fxe6 22. Qxg6+ Kh8 23. Rh3+ 1-0

[Event "Nez rouge B"]
[Site "Gatineau CAN"]
[Date "2006.12.19"]
[Round "5"]
[White "Berthiaume, Patrick"]
[Black "Jiang, Qizhe"]
[Result "1-0"]
[WhiteElo "984"]
[BlackElo "939"]
[PlyCount "27"]
[EventDate "2006.11.21"]
[EventType "swiss"]
[EventRounds "5"]
[EventCountry "CAN"]

1. e4 e5 2. Nf3 Nc6 3. Bb5 d6 4. Bxc6+ bxc6 5. d3 Nf6 6. Nc3 d5 7. Bg5 Be7 8.
O-O d4 9. Ne2 O-O 10. Nxe5 Ng4 11. Bxe7 Qxe7 12. Nxg4 Bxg4 13. Qd2 Rab8 14. b3
1-0

[Event "Nez rouge B"]
[Site "Gatineau CAN"]
[Date "2006.12.19"]
[Round "5"]
[White "Berthiaume, Serge"]
[Black "Kennedy, Phillip"]
[Result "0-1"]
[WhiteElo "1168"]
[BlackElo "1296"]
[PlyCount "111"]
[EventDate "2006.11.21"]
[EventType "swiss"]
[EventRounds "5"]
[EventCountry "CAN"]

1. d4 Nf6 2. c4 e6 3. a3 g6 4. Nc3 Bg7 5. e4 d6 6. Be3 O-O 7. Be2 b6 8. Qd2 Bb7
9. f3 Nbd7 10. Bh6 Re8 11. Bxg7 Kxg7 12. Bd3 e5 13. d5 Nc5 14. Bc2 a5 15. Na4
Nfd7 16. Nxc5 Nxc5 17. Nh3 Qh4+ 18. Nf2 Bc8 19. O-O Bd7 20. Nd3 Nxd3 21. Qxd3
Qg5 22. Kh1 h5 23. Qd1 h4 24. Ba4 Bxa4 25. Qxa4 Rh8 26. h3 Qf4 27. b4 axb4 28.
Qxb4 Ra5 29. Qc3 g5 30. Qd3 Qf6 31. Rab1 Rha8 32. Rb3 Qd8 33. Ra1 Qc8 34. Qe2
f5 35. exf5 Qxf5 36. Qf2 Qf4 37. Qf1 Rf8 38. Rb5 Rxb5 39. cxb5 e4 40. Qc4 exf3
41. Qxc7+ Kg8 42. Qxb6 fxg2+ 43. Kxg2 Qg3+ 44. Kh1 Qxh3+ 45. Kg1 Qg3+ 46. Kh1
Qf3+ 47. Kh2 Qg3+ 48. Kh1 h3 49. Qg1 Qf3+ 50. Kh2 g4 51. a4 Rf5 52. a5 Rxd5 53.
Rf1 Rd2+ 54. Rf2 Rxf2+ 55. Qxf2 Qxf2+ 56. Kh1 0-1

[Event "Nez rouge B"]
[Site "Gatineau CAN"]
[Date "2006.12.19"]
[Round "5"]
[White "Blouin, Francois"]
[Black "Levesque, Andre"]
[Result "1-0"]
[WhiteElo "1531"]
[BlackElo "1498"]
[PlyCount "87"]
[EventDate "2006.11.21"]
[EventType "swiss"]
[EventRounds "5"]
[EventCountry "CAN"]

1. e4 c5 2. Nc3 Nc6 3. d3 g6 4. Be3 Bg7 5. Qd2 d6 6. g3 e6 7. Bg2 a6 8. a3 Bd7
9. Nge2 Nd4 10. Rb1 Rb8 11. O-O Ne7 12. Nd1 O-O 13. c3 Nxe2+ 14. Qxe2 Nc6 15.
Qd2 e5 16. Bh6 Qc7 17. Bxg7 Kxg7 18. Ne3 Ne7 19. f4 f5 20. Rf2 Rbd8 21. Rbf1
fxe4 22. Bxe4 Bc6 23. f5 gxf5 24. Nxf5+ Nxf5 25. Qg5+ Kh8 26. Bxf5 Qg7 27. Qh4
d5 28. Bxh7 Rxf2 29. Qxd8+ Kxh7 30. Rxf2 e4 31. Qf6 e3 32. Qxg7+ Kxg7 33. Rf4
d4 34. cxd4 Bb5 35. Re4 cxd4 36. Rxd4 Kf6 37. Re4 e2 38. Rxe2 Bxd3 39. Re3 Bb5
40. Kf2 Kf5 41. Rc3 Bc6 42. h4 Kg4 43. Rxc6 bxc6 44. Ke3 1-0

[Event "Nez rouge B"]
[Site "Gatineau CAN"]
[Date "2006.12.19"]
[Round "5"]
[White "Charland, Roger"]
[Black "Pilon, Robert"]
[Result "0-1"]
[WhiteElo "1581"]
[BlackElo "1536"]
[PlyCount "68"]
[EventDate "2006.11.21"]
[EventType "swiss"]
[EventRounds "5"]
[EventCountry "CAN"]

1. Nf3 Nf6 2. g3 g6 3. Bg2 Bg7 4. O-O d5 5. d3 O-O 6. Nbd2 Re8 7. Re1 e5 8. e4
d4 9. Nf1 c5 10. Nh4 Nc6 11. f4 Bg4 12. Bf3 Bxf3 13. Nxf3 Qd7 14. fxe5 Nxe5 15.
Bf4 Nh5 16. Bxe5 Bxe5 17. Nxe5 Rxe5 18. Nd2 Rf8 19. Rf1 f5 20. Qf3 f4 21. g4
Rg5 22. h3 Ng3 23. Rf2 h5 24. Qg2 hxg4 25. h4 Rh5 26. Rxf4 Ne2+ 27. Qxe2 Rxf4
28. Rf1 Rxf1+ 29. Nxf1 Rxh4 30. Ng3 Qf7 31. b3 Qf4 32. Qe1 Rh3 33. Kg2 Qf3+ 34.
Kg1 Rxg3+ 0-1

[Event "Nez rouge B"]
[Site "Gatineau CAN"]
[Date "2006.12.19"]
[Round "5"]
[White "Chirokova, Elena"]
[Black "Charette, Jean Sebastien"]
[Result "0-1"]
[WhiteElo "1324"]
[BlackElo "1347"]
[PlyCount "74"]
[EventDate "2006.11.21"]
[EventType "swiss"]
[EventRounds "5"]
[EventCountry "CAN"]

1. e4 e6 2. Nf3 Nc6 3. d4 d5 4. e5 f6 5. Bb5 Bd7 6. O-O Nxe5 7. Nc3 Nxf3+ 8.
Qxf3 Bb4 9. Bxd7+ Qxd7 10. a3 Bd6 11. Re1 Ne7 12. b4 O-O 13. Bb2 Ng6 14. Ne2 c6
15. Ng3 Rae8 16. Rad1 e5 17. dxe5 Bxe5 18. Bxe5 fxe5 19. Qe3 a6 20. c3 e4 21.
Qd4 Ne5 22. Rf1 Nc4 23. Nh5 Nxa3 24. Rd2 Nc4 25. Re2 Qg4 26. Ng3 Qg6 27. Ree1
Qg5 28. h3 Nd2 29. f4 Qxg3 30. Qxd2 Re6 31. Re3 Qh4 32. Re2 Rg6 33. Qe3 Rg3 34.
Qd2 Qxh3 35. Qd4 Qg4 36. Rff2 Rd3 37. Qe5 Rd1+ 0-1

[Event "Nez rouge B"]
[Site "Gatineau CAN"]
[Date "2006.12.19"]
[Round "5"]
[White "Lacourse, Guy"]
[Black "Scantland, Patrick"]
[Result "0-1"]
[WhiteElo "1652"]
[BlackElo "1682"]
[PlyCount "76"]
[EventDate "2006.11.21"]
[EventType "swiss"]
[EventRounds "5"]
[EventCountry "CAN"]

1. Nf3 Nf6 2. c4 e6 3. d4 d5 4. Bg5 Be7 5. e3 O-O 6. Nc3 h6 7. Bh4 b6 8. Rc1
Bb7 9. Bd3 Nbd7 10. O-O Rc8 11. cxd5 Nxd5 12. Bxe7 Qxe7 13. e4 Nxc3 14. bxc3 c5
15. Qe2 cxd4 16. cxd4 Qa3 17. Qd2 Nf6 18. Rxc8 Rxc8 19. Qe2 Rc1 20. Re1 Qc3 21.
Rxc1 Qxc1+ 22. Qe1 Qxe1+ 23. Nxe1 Bxe4 24. f3 Bxd3 25. Nxd3 Nd5 26. Kf2 Nc3 27.
Nc1 Kf8 28. g3 Ke7 29. Ke3 Kd6 30. Kd2 Nb5 31. Kd3 Kd5 32. Nb3 a5 33. a4 Nd6
34. Nc1 Nc4 35. Kc3 Ne3 36. Ne2 g5 37. h3 Nd1+ 38. Kc2 Nf2 0-1

[Event "Nez rouge B"]
[Site "Gatineau CAN"]
[Date "2006.12.19"]
[Round "5"]
[White "Toulouse, Raphael"]
[Black "Dupont, Claude"]
[Result "0-1"]
[WhiteElo "1104"]
[BlackElo "1402"]
[PlyCount "62"]
[EventDate "2006.11.21"]
[EventType "swiss"]
[EventRounds "5"]
[EventCountry "CAN"]

1. d4 d5 2. c4 e6 3. Nf3 Nf6 4. e3 Bb4+ 5. Bd2 Bxd2+ 6. Nbxd2 O-O 7. Bd3 c6 8.
O-O Nbd7 9. Qc2 h6 10. b4 b6 11. c5 bxc5 12. bxc5 a5 13. Rab1 Ba6 14. Bxa6 Rxa6
15. Qd3 Ra8 16. h3 Qc7 17. a3 Rfb8 18. Rxb8+ Rxb8 19. Rb1 Rxb1+ 20. Qxb1 g5 21.
h4 Kg7 22. Qe1 a4 23. e4 dxe4 24. Nxe4 Nxe4 25. Qxe4 Nf6 26. Qe5 Qb7 27. Nxg5
Qb1+ 28. Kh2 hxg5 29. Qxg5+ Qg6 30. Qe5 Qe4 31. Qxe4 Nxe4 0-1

[Event "North Shore op"]
[Site "North Vancouver CAN"]
[Date "2006.03.18"]
[Round "1"]
[White "Botez, Alexandra"]
[Black "Arcand, Cyan"]
[Result "1/2-1/2"]
[WhiteElo "1382"]
[BlackElo "1854"]
[PlyCount "58"]
[EventDate "2006.03.18"]
[EventType "swiss"]
[EventRounds "4"]
[EventCountry "CAN"]

1. d4 d5 2. c4 c6 3. Nc3 Nf6 4. Nf3 a6 5. cxd5 cxd5 6. Bg5 e6 7. e3 Nbd7 8. Ne5
Bd6 9. f4 O-O 10. Bd3 Be7 11. Qf3 Ne8 12. Qh3 Ndf6 13. O-O g6 14. Qh6 b5 15.
Rf3 Nh5 16. Rh3 Bxg5 17. fxg5 f5 18. gxf6 Qxf6 19. Rxh5 Qf2+ 20. Kh1 Ra7 21.
Nxg6 Rf6 22. Ne7+ Rxe7 23. Bxh7+ Kf7 24. Bg8+ Kxg8 25. Qh8+ Kf7 26. Rh7+ Kg6
27. Rh6+ Kf7 28. Rh7+ Kg6 29. Rh6+ Kf7 1/2-1/2

[Event "North Shore op"]
[Site "North Vancouver CAN"]
[Date "2006.03.19"]
[Round "4"]
[White "Jiang, Louie"]
[Black "Moura, Eduardo"]
[Result "1-0"]
[WhiteElo "2044"]
[BlackElo "2109"]
[PlyCount "149"]
[EventDate "2006.03.18"]
[EventType "swiss"]
[EventRounds "4"]
[EventCountry "CAN"]

1. e4 e6 2. d4 d5 3. Nc3 dxe4 4. Nxe4 Nd7 5. Nf3 Ngf6 6. Nxf6+ Nxf6 7. c3 Be7
8. Bf4 O-O 9. Bd3 b6 10. O-O Bb7 11. Re1 c5 12. Bc2 cxd4 13. Nxd4 Qd5 14. Nf3
Qxd1 15. Raxd1 Rfd8 16. Ne5 Rxd1 17. Rxd1 Rd8 18. Rxd8+ Bxd8 19. Nc4 Bd5 20.
Ne3 Bxa2 21. b3 Nd7 22. Bd6 Bf6 23. Nd1 Nc5 24. Bxc5 bxc5 25. c4 a5 26. Ne3 Bd4
27. Kf1 Bxe3 28. fxe3 a4 29. bxa4 Bxc4+ 30. Ke1 Kf8 31. Kd2 Ke7 32. Kc3 Ba6 33.
Bd3 Bb7 34. g3 f5 35. Bb5 Kd6 36. a5 g5 37. a6 Bd5 38. Bc4 Kc6 39. Bd3 Kb6 40.
Bc4 h6 41. Bd3 e5 42. Bxf5 Kxa6 43. Bd3+ Kb6 44. Be2 Kc6 45. Bg4 Kd6 46. Bf5
Ke7 47. Bd3 Ke6 48. Bg6 Kf6 49. Bh7 Be6 50. Be4 Ke7 51. Bd3 Bd5 52. Bf5 Kf6 53.
e4 Bf7 54. Kd3 Ke7 55. Kc3 Kd6 56. Bh7 Kc6 57. Bf5 Kb5 58. Bd7+ Kb6 59. Bf5 Kc6
60. Bh7 Bh5 61. Bf5 Kd6 62. Kc4 Be2+ 63. Kc3 Bf1 64. Bh7 Bh3 65. Kc4 Be6+ 66.
Kc3 Ke7 67. Bg6 Kf6 68. Bh5 Bf7 69. Bxf7 Kxf7 70. Kc4 g4 71. Kxc5 Ke6 72. Kc6
Ke7 73. Kd5 Kf6 74. Kd6 h5 75. Kd5 1-0

[Event "Nova Scotia closed"]
[Site "Cole Harbour CAN"]
[Date "2006.06.09"]
[Round "1"]
[White "Gonzalez Cueto, Jose"]
[Black "Charlton, Glenn"]
[Result "1-0"]
[WhiteElo "1991"]
[BlackElo "2056"]
[PlyCount "61"]
[EventDate "2006.06.11"]
[EventType "tourn"]
[EventRounds "5"]
[EventCountry "CAN"]

1. d4 Nf6 2. Nf3 d6 3. c4 g6 4. Nc3 Bg7 5. e4 O-O 6. Be2 e5 7. dxe5 dxe5 8. O-O
Nbd7 9. Qc2 c6 10. b3 Re8 11. Bb2 Qc7 12. Na4 Bf8 13. Rfd1 Nc5 14. Nxc5 Bxc5
15. h3 Nh5 16. a3 a5 17. Rab1 f6 18. b4 axb4 19. axb4 Bxb4 20. c5 Be6 21. Bxe5
fxe5 22. Rxb4 Ra2 23. Rb2 Rxb2 24. Qxb2 Nf6 25. Ng5 Bc8 26. Bc4+ Kg7 27. Rd6 b5
28. Ne6+ Bxe6 29. Bxe6 Rxe6 30. Rxe6 Nd7 31. f4 1-0

[Event "Nova Scotia closed"]
[Site "Cole Harbour CAN"]
[Date "2006.06.09"]
[Round "1"]
[White "Kenney, Jason"]
[Black "Wysocki, Antoni"]
[Result "1-0"]
[WhiteElo "2169"]
[BlackElo "2090"]
[PlyCount "49"]
[EventDate "2006.06.11"]
[EventType "tourn"]
[EventRounds "5"]
[EventCountry "CAN"]

1. d4 d5 2. c4 c6 3. Nf3 Nf6 4. Nc3 dxc4 5. a4 Bf5 6. e3 e6 7. Bxc4 Bb4 8. O-O
Nbd7 9. Qe2 Ne4 10. Nxe4 Bxe4 11. Nd2 Bg6 12. b3 Qe7 13. Bb2 O-O 14. f4 c5 15.
Nf3 Rfd8 16. dxc5 Nxc5 17. Nd4 Ne4 18. f5 exf5 19. Nxf5 Qd7 20. Nh4 Rf8 21.
Nxg6 hxg6 22. Rad1 Qc7 23. Qg4 Nc5 24. Qxg6 Ne6 25. Rxf7 1-0